[Event "Agen_2017-Accession"]
[Site "Agen"]
[Date "2017.08.26"]
[Round "8.28"]
[White "Lever, Erwan"]
[Black "Boyer, Mahel"]
[Result "1/2-1/2"]
[WhiteElo "2134"]
[BlackElo "2207"]
[PlyCount "98"]
[EventDate "2017.08.??"]
[EventType "swiss"]
[EventRounds "9"]
[EventCountry "FRA"]
[WhiteTeam "C.E.I. Toulouse"]
[BlackTeam "Echiquier Nîmois"]

1. d4 e6 2. c4 f5 3. Nf3 Nf6 4. g3 Be7 5. Bg2 d5 6. Nbd2 c6 7. Ne5 O-O 8. O-O
b6 9. b3 Bb7 10. Bb2 Nbd7 11. Nd3 Ne4 12. Nf4 Rf6 13. Nxe4 fxe4 14. f3 exf3 15.
exf3 Bd6 16. Nd3 Rh6 17. Qe2 Kh8 18. Bc1 Rg6 19. Nf4 Bxf4 20. Bxf4 c5 21. dxc5
bxc5 22. cxd5 exd5 23. Rfe1 Nb6 24. Rac1 c4 25. Bc7 Qg8 26. f4 Rc8 27. Be5 Qf8
28. Bd4 cxb3 29. axb3 Rxc1 30. Rxc1 Rc6 31. Re1 Kg8 32. Qe7 Qxe7 33. Rxe7 Rc1+
34. Kf2 Rc2+ 35. Kf3 Bc8 36. Rxg7+ Kf8 37. Rxa7 Bf5 38. Bf1 Nc8 39. g4 Be4+ 40.
Kg3 Nxa7 41. Bxa7 Rc3+ 42. Kh4 Rxb3 43. f5 Kf7 44. Kg5 Rf3 45. Bb5 Rh3 46. Bg1
h6+ 47. Kf4 Rf3+ 48. Ke5 h5 49. Be2 hxg4 1/2-1/2

[Event "Agen_2017-Accession"]
[Site "Agen"]
[Date "2017.08.26"]
[Round "8.29"]
[White "Gardet, Thomas"]
[Black "Flachet, Thierry"]
[Result "1-0"]
[WhiteElo "2007"]
[BlackElo "2104"]
[PlyCount "83"]
[EventDate "2017.08.??"]
[EventType "swiss"]
[EventRounds "9"]
[EventCountry "FRA"]
[WhiteTeam "Echecs Club de Petit Bourg"]
[BlackTeam "Cercle d'échecs des Sables d'Olonne"]

1. e4 e6 2. d4 d5 3. Nc3 Nf6 4. Bg5 Bb4 5. exd5 exd5 6. Bd3 c6 7. Qf3 Be7 8.
Nge2 Bg4 9. Qg3 Nbd7 10. O-O O-O 11. f3 Bh5 12. Nf4 Bg6 13. Nxg6 hxg6 14. Qh4
Re8 15. Rae1 Bb4 16. f4 Qa5 17. f5 Rxe1 18. Rxe1 Bxc3 19. bxc3 gxf5 20. Bxf5
Qa3 21. Re3 Qc1+ 22. Kf2 Qd2+ 23. Kf1 Qc1+ 24. Kf2 Qd2+ 25. Re2 Qxc3 26. Re7
Rd8 27. Rxd7 Rxd7 28. Bxf6 Qd2+ 29. Kf3 Qd1+ 30. Kg3 Qe1+ 31. Kh3 Qe3+ 32. g3
gxf6 33. Bxd7 Qf2 34. Qg4+ Kf8 35. Bf5 Qf1+ 36. Kh4 Qe1 37. Qf4 Qg1 38. h3 c5
39. Bg4 Kg7 40. Kh5 Qe1 41. Qh6+ Kg8 42. Bf5 1-0

[Event "Agen_2017-Accession"]
[Site "Agen"]
[Date "2017.08.26"]
[Round "8.30"]
[White "Lanteri, Nicolas"]
[Black "Pottier, Alexandre"]
[Result "0-1"]
[WhiteElo "2037"]
[BlackElo "2127"]
[PlyCount "122"]
[EventDate "2017.08.??"]
[EventType "swiss"]
[EventRounds "9"]
[EventCountry "FRA"]
[WhiteTeam "C.E.M.C. Monaco"]
[BlackTeam "C.E. de Rueil Malmaison"]

1. e4 c5 2. Nf3 g6 3. d4 cxd4 4. c3 Bg7 5. cxd4 Nf6 6. Nc3 d6 7. Bc4 O-O 8. Qe2
Bg4 9. O-O Nc6 10. Be3 Nxe4 11. Nxe4 d5 12. Bd3 dxe4 13. Bxe4 Rc8 14. d5 Nd4
15. Qd1 Bxf3 16. Bxf3 Nc2 17. Rb1 Nxe3 18. fxe3 Qb6 19. Qe2 Rc7 20. Be4 f5 21.
Bd3 f4 22. Bc4 Qxe3+ 23. Qxe3 fxe3 24. Rxf8+ Kxf8 25. Rf1+ Bf6 26. b3 a6 27. a4
Kg7 28. Rf4 b5 29. axb5 axb5 30. Bxb5 Rc1+ 31. Rf1 Rc2 32. Re1 Bc3 33. Bd3 Rd2
34. Bc4 Rc2 35. Bd3 Rb2 36. Re2 Rxb3 37. g3 Bd2 38. Be4 Rb4 39. Bf3 Kf6 40. Kg2
Ke5 41. h4 h6 42. Kg1 Rb1+ 43. Kg2 Kd4 44. Kh3 Rf1 45. Kg2 Rb1 46. Kh3 Rb6 47.
g4 Rf6 48. Kg3 Kd3 49. Kg2 Rf4 50. Kg3 Ra4 51. Kh2 Ra1 52. Kg2 Rb1 53. h5 gxh5
54. gxh5 Rb8 55. Kf1 Rf8 56. Kg2 Rg8+ 57. Kh2 Rg5 58. Kh3 Rg1 59. Rh2 Be1 60.
Be2+ Kd2 61. Bg4+ Bf2 0-1

[Event "Agen_2017-Accession"]
[Site "Agen"]
[Date "2017.08.27"]
[Round "9.7"]
[White "Ollier, Pablo"]
[Black "Pucher, Sebastien"]
[Result "1/2-1/2"]
[WhiteElo "2395"]
[BlackElo "2360"]
[PlyCount "194"]
[EventDate "2017.08.??"]
[EventType "swiss"]
[EventRounds "9"]
[EventCountry "FRA"]
[WhiteTeam "Echiquier Médocain"]
[BlackTeam "Club d'Echecs Metz Fischer"]

1. d4 d5 2. c4 e6 3. Nc3 Nf6 4. cxd5 exd5 5. Bg5 Nbd7 6. e3 c6 7. Bd3 Be7 8.
Qc2 Nf8 9. Nf3 Ne6 10. Bh4 g6 11. O-O O-O 12. Rab1 Nh5 13. Bxe7 Qxe7 14. b4 Nf6
15. Rfc1 b6 16. Ne5 Bb7 17. f4 Nd7 18. Nxd7 Qxd7 19. f5 Ng7 20. Qf2 gxf5 21.
Ne2 Rae8 22. Nf4 Qe7 23. Re1 Kh8 24. Qf3 Rd8 25. Qh3 Qg5 26. Rbc1 Rd6 27. Qg3
Qxg3 28. hxg3 Rc8 29. Kf2 Kg8 30. Rh1 Rc7 31. Rh4 h6 32. Rhh1 Kf8 33. Rc3 Re7
34. Rhc1 Ke8 35. Ra3 Ba8 36. b5 Kd8 37. Rac3 Rc7 38. a4 Bb7 39. Ke2 Rc8 40. Kd2
cxb5 41. axb5 Rxc3 42. Rxc3 Rd7 43. Ra3 Ba8 44. Ra1 Ke7 45. Rh1 Rd6 46. Bc2 Kd8
47. Bd3 Ke7 48. Bb1 Kd8 49. Rc1 Rd7 50. Bd3 Bb7 51. Rh1 Rd6 52. Ra1 Kc7 53.
Rxa7 Kb8 54. Ra1 Kc7 55. Bc2 Kb8 56. Rh1 Bc8 57. Bb3 Bb7 58. Bc2 Bc8 59. Ke2
Kc7 60. Kf2 Kb8 61. Bd3 Bd7 62. Ke2 Kc7 63. Kd2 Kb8 64. Kd1 Kc7 65. Ke1 Kb8 66.
Kd2 Kc7 67. Be2 Bc8 68. Rc1+ Kd8 69. Ra1 Bb7 70. Nd3 Ne8 71. Ne5 Rf6 72. Bf3
Nd6 73. Rb1 Ne4+ 74. Bxe4 fxe4 75. Ke2 h5 76. Rh1 Rf5 77. g4 hxg4 78. Rh8+ Kc7
79. Rg8 Bc8 80. Re8 f6 81. Ng6 Bd7 82. Rf8 Bxb5+ 83. Kd2 Rf2+ 84. Kc3 Rxg2 85.
Nf4 Rg1 86. Rxf6 Bc4 87. Rg6 b5 88. Kb4 Kd7 89. Kc5 Ke7 90. Nxd5+ Kf7 91. Rg5
Rg3 92. Rf5+ Kg7 93. Rf4 Bxd5 94. Kxd5 Rxe3 95. Rxg4+ Kf6 96. Rxe4 Rxe4 97.
Kxe4 Ke6 1/2-1/2

[Event "Agen_2017-Accession"]
[Site "Agen"]
[Date "2017.08.27"]
[Round "9.8"]
[White "Rodriguez, Adrien"]
[Black "Calistri, Tristan"]
[Result "1/2-1/2"]
[WhiteElo "2252"]
[BlackElo "2293"]
[PlyCount "72"]
[EventDate "2017.08.??"]
[EventType "swiss"]
[EventRounds "9"]
[EventCountry "FRA"]
[WhiteTeam "Lutèce Echecs"]
[BlackTeam "La tour de Juvisy"]

1. d4 Nf6 2. Nf3 g6 3. g3 Bg7 4. Bg2 O-O 5. O-O d6 6. c4 c6 7. Nc3 Qa5 8. h3 e5
9. e4 Nbd7 10. Re1 exd4 11. Nxd4 Re8 12. Rb1 Ne5 13. Bf1 Qc5 14. Nb3 Qb4 15. a3
Qb6 16. Be3 c5 17. f4 Nf3+ 18. Qxf3 Qxb3 19. Bf2 Nxe4 20. Bg2 f5 21. Nxe4 Qxf3
22. Nf6+ Bxf6 23. Rxe8+ Kf7 24. Bxf3 Kxe8 25. b4 Be7 26. bxc5 dxc5 27. Bxb7
Bxb7 28. Rxb7 a6 29. Kf1 Rd8 30. Ke2 Rd7 31. Rxd7 Kxd7 32. Kd3 Kc6 33. Kc3 Bf6+
34. Kd3 Be7 35. Kc3 Bf6+ 36. Kd3 Be7 1/2-1/2

[Event "Agen_2017-Accession"]
[Site "Agen"]
[Date "2017.08.27"]
[Round "9.9"]
[White "Lamoureux, Charles"]
[Black "Brochet, Philippe"]
[Result "0-1"]
[WhiteElo "2306"]
[BlackElo "2417"]
[PlyCount "72"]
[EventDate "2017.08.??"]
[EventType "swiss"]
[EventRounds "9"]
[EventCountry "FRA"]
[WhiteTeam "Club d'Echecs d'Annemasse"]
[BlackTeam "Echecs Club Montpellier"]

1. b3 e5 2. Bb2 Nc6 3. e3 Nf6 4. Bb5 Bd6 5. Nc3 O-O 6. Nf3 e4 7. Ng5 Re8 8. h4
Be5 9. d4 exd3 10. Bxd3 d5 11. Bxh7+ Nxh7 12. Qh5 Nxg5 13. hxg5 g6 14. Qh7+ Kf8
15. O-O-O Nb4 16. Qh4 Bxc3 17. Bxc3 Nxa2+ 18. Kb2 Nxc3 19. Qb4+ Qd6 20. Qxc3
Ke7 21. e4 Be6 22. Qf6+ Kd7 23. f4 Qe7 24. f5 Qxf6+ 25. gxf6 gxf5 26. exd5 Rad8
27. dxe6+ Kxe6 28. Ra1 a6 29. Rhf1 Kxf6 30. Ra4 Re5 31. Raf4 Rg8 32. R1f2 Rg5
33. Rb4 b6 34. Rc4 c5 35. Ra4 a5 36. Rh4 Ke6 0-1

[Event "Agen_2017-Accession"]
[Site "Agen"]
[Date "2017.08.27"]
[Round "9.10"]
[White "Philippe, Guillaume"]
[Black "Micottis, Dorian"]
[Result "1-0"]
[WhiteElo "2364"]
[BlackElo "2271"]
[PlyCount "83"]
[EventDate "2017.08.??"]
[EventType "swiss"]
[EventRounds "9"]
[EventCountry "FRA"]
[WhiteTeam "L'Echiquier Chalonnais"]
[BlackTeam "Club d'Echecs Metz Fischer"]

1. e4 c5 2. a3 e6 3. Nf3 Nc6 4. Bb5 Nge7 5. Nc3 a6 6. Ba4 g6 7. d4 cxd4 8. Nxd4
Bg7 9. Be3 O-O 10. O-O Na5 11. Bb3 Nxb3 12. Nxb3 d5 13. exd5 Bxc3 14. bxc3 Qxd5
15. Qe2 Nf5 16. Bc5 Re8 17. c4 Qd8 18. Rad1 Qc7 19. g4 b6 20. Bb4 Nh4 21. f3
Bb7 22. Be1 Qe7 23. Rd3 Rad8 24. Re3 h5 25. f4 hxg4 26. Qxg4 Nf5 27. Rh3 Ba8
28. Bc3 f6 29. Qxg6+ Qg7 30. Rh8+ Kxh8 31. Bxf6 Rg8 32. Kf2 Qxf6 33. Qxf6+ Kh7
34. Rg1 Rxg1 35. Kxg1 Rg8+ 36. Kf1 Rg6 37. Qf7+ Ng7 38. Nd4 Bg2+ 39. Kf2 Be4
40. Ke3 Bf5 41. Nf3 Kh6 42. Qf8 1-0

[Event "Agen_2017-Accession"]
[Site "Agen"]
[Date "2017.08.27"]
[Round "9.11"]
[White "Midoux, Sebastien"]
[Black "Favarel, Julien"]
[Result "1/2-1/2"]
[WhiteElo "2321"]
[BlackElo "2247"]
[PlyCount "82"]
[EventDate "2017.08.??"]
[EventType "swiss"]
[EventRounds "9"]
[EventCountry "FRA"]
[WhiteTeam "CE Vitrolles"]
[BlackTeam "Bordeaux ASPOM Echecs"]

1. c4 e6 2. g3 d5 3. Bg2 Nf6 4. Nf3 Be7 5. d4 O-O 6. Qc2 c6 7. O-O b6 8. b3 Bb7
9. Nc3 Na6 10. Bb2 Rc8 11. Rad1 h6 12. Qb1 Nc7 13. Ne5 Nd7 14. f4 Nxe5 15. dxe5
Bc5+ 16. Kh1 Qe7 17. e4 dxc4 18. f5 Rfd8 19. f6 Qf8 20. fxg7 Qxg7 21. Ne2 c3
22. Bxc3 Ba6 23. Rxd8+ Rxd8 24. Rd1 Rxd1+ 25. Qxd1 Bxe2 26. Qxe2 Nb5 27. Bb2
Bd4 28. a4 Nc3 29. Bxc3 Bxc3 30. Qc4 Qxe5 31. Qxc6 Qd4 32. Qc4 Qe3 33. Qf1 Bd4
34. Qd1 e5 35. Bf3 Qf2 36. Be2 a5 37. Qf1 Qe3 38. Bd3 Qd2 39. Qe2 Qc3 40. Bc2
Kg7 41. Kg2 Qe3 1/2-1/2

[Event "Agen_2017-Accession"]
[Site "Agen"]
[Date "2017.08.27"]
[Round "9.12"]
[White "Sanchez, Louis"]
[Black "Bilquez, Romain"]
[Result "1/2-1/2"]
[WhiteElo "2240"]
[BlackElo "2219"]
[PlyCount "33"]
[EventDate "2017.08.??"]
[EventType "swiss"]
[EventRounds "9"]
[EventCountry "FRA"]
[WhiteTeam "Clichy-Echecs-92"]
[BlackTeam "Nogent le Roi"]

1. Nf3 Nf6 2. c4 g6 3. Nc3 Bg7 4. e4 d6 5. d4 O-O 6. Be2 e5 7. O-O exd4 8. Nxd4
Nc6 9. Nc2 Re8 10. f3 Nh5 11. g4 Be5 12. gxh5 Bxh2+ 13. Kxh2 Qh4+ 14. Kg1 Qg3+
15. Kh1 Qh3+ 16. Kg1 Qg3+ 17. Kh1 1/2-1/2

[Event "Agen_2017-Accession"]
[Site "Agen"]
[Date "2017.08.27"]
[Round "9.13"]
[White "Guidez, Yann-Michael"]
[Black "Muller, Anthony"]
[Result "0-1"]
[WhiteElo "2271"]
[BlackElo "2243"]
[PlyCount "100"]
[EventDate "2017.08.??"]
[EventType "swiss"]
[EventRounds "9"]
[EventCountry "FRA"]
[WhiteTeam "Echiquier Bordelais"]
[BlackTeam "Le Champ du Fou "]

1. e4 e6 2. d4 d5 3. exd5 exd5 4. Bd3 Nc6 5. c3 Bd6 6. Nf3 Nge7 7. O-O Bg4 8.
Re1 Qd7 9. Nbd2 O-O-O 10. b4 Rde8 11. Nb3 Ng6 12. Be2 Re7 13. b5 Nd8 14. Nc5
Bxc5 15. dxc5 Rhe8 16. Be3 c6 17. Rb1 Bxf3 18. bxc6 Nxc6 19. Bxf3 Rd8 20. g3
Nge5 21. Bg2 f6 22. Qa4 Nc4 23. Red1 Nxe3 24. fxe3 Qe6 25. c4 dxc4 26. Bxc6
Qxc6 27. Rxd8+ Kxd8 28. Qxa7 Rc7 29. Qa8+ Ke7 30. Qg8 Qxc5 31. Qxg7+ Ke6 32.
Qg8+ Rf7 33. Kg2 Qc6+ 34. Kf2 Ke7 35. Qb8 Ke6 36. Qf4 Rd7 37. Rb2 Qd5 38. Rc2
b5 39. Qg4+ Kf7 40. a4 Qd3 41. Qh5+ Kg7 42. Qg4+ Kf8 43. Rb2 c3 44. Rxb5 Qd2+
45. Kf3 Qd1+ 46. Kf4 Qd6+ 47. Kf5 c2 48. Qc4 Rc7 49. Rb8+ Ke7 50. Qg8 Qe5+ 0-1

[Event "Agen_2017-Accession"]
[Site "Agen"]
[Date "2017.08.27"]
[Round "9.14"]
[White "Hutois, Mickael"]
[Black "Valuet, Bertrand"]
[Result "0-1"]
[WhiteElo "2207"]
[BlackElo "2310"]
[PlyCount "94"]
[EventDate "2017.08.??"]
[EventType "swiss"]
[EventRounds "9"]
[EventCountry "FRA"]
[WhiteTeam "Echiquier de l'Erdre"]
[BlackTeam "La tour de Juvisy"]

1. c4 Nf6 2. Nc3 e5 3. Nf3 Nc6 4. g3 d5 5. cxd5 Nxd5 6. Bg2 Bc5 7. O-O O-O 8.
a3 Re8 9. Nxd5 Qxd5 10. Ng5 Qd8 11. Qc2 Qxg5 12. Qxc5 Nd4 13. Qxc7 Be6 14. Bxb7
Re7 15. Qxe7 Qxe7 16. Bxa8 Nc2 17. Rb1 Ba2 18. b4 Bxb1 19. Bb2 Ba2 20. Rc1 Qd8
21. Rxc2 Qxa8 22. Bxe5 Be6 23. f3 Qd5 24. Bf4 Qd4+ 25. Kg2 Qa1 26. d4 h6 27.
Rd2 g5 28. d5 Bd7 29. Be3 Qxa3 30. Kf2 Qxb4 31. Rd4 Qb5 32. d6 a5 33. Rd1 a4
34. Bd4 a3 35. Ba1 a2 36. e4 Qb1 37. Re1 Kh7 38. h4 Kg6 39. hxg5 hxg5 40. g4
Bb5 41. Rg1 Qc2+ 42. Kg3 Qd2 43. e5 Be2 44. Kf2 Bd1+ 45. Kg3 Qf4+ 46. Kh3 Qxf3+
47. Kh2 Ba4 0-1

[Event "Agen_2017-Accession"]
[Site "Agen"]
[Date "2017.08.27"]
[Round "9.15"]
[White "Pigeat, Alexandre"]
[Black "Tomasi, Albert"]
[Result "1/2-1/2"]
[WhiteElo "2286"]
[BlackElo "2229"]
[PlyCount "70"]
[EventDate "2017.08.??"]
[EventType "swiss"]
[EventRounds "9"]
[EventCountry "FRA"]
[WhiteTeam "Esbarres Bonnencontre Echecs"]
[BlackTeam "Echecs-Club Ajaccien"]

1. d4 Nf6 2. c4 c5 3. d5 b5 4. Qc2 bxc4 5. Nc3 d6 6. e4 Ba6 7. f4 e6 8. Bxc4
Bxc4 9. Qa4+ Nbd7 10. Qxc4 exd5 11. exd5 Nb6 12. Qd3 g6 13. Nge2 Bg7 14. O-O
O-O 15. f5 Qd7 16. Bg5 Rae8 17. Ng3 Na4 18. Bxf6 Bxf6 19. Nge4 Be5 20. Rab1 f6
21. fxg6 hxg6 22. Nxa4 Qxa4 23. Nxd6 Qd4+ 24. Qxd4 Bxd4+ 25. Kh1 Re2 26. Nc4
Rfe8 27. h3 Kf8 28. a3 R8e4 29. d6 Ke8 30. b4 Rc2 31. bxc5 Rxc4 32. Rb8+ Kd7
33. Rb7+ Kd8 34. Rb8+ Kd7 35. Rb7+ Kd8 1/2-1/2

[Event "Agen_2017-Accession"]
[Site "Agen"]
[Date "2017.08.27"]
[Round "9.16"]
[White "Coiffait, Pierre-Basile"]
[Black "Gatineau, Yovann"]
[Result "1-0"]
[WhiteElo "2230"]
[BlackElo "2281"]
[PlyCount "105"]
[EventDate "2017.08.??"]
[EventType "swiss"]
[EventRounds "9"]
[EventCountry "FRA"]
[WhiteTeam "Cannes Echecs"]
[BlackTeam "Mulhouse Philidor"]

1. e4 c5 2. Ne2 Nc6 3. Nbc3 Nf6 4. g3 e6 5. Bg2 d5 6. exd5 exd5 7. d4 Bg4 8. h3
Bh5 9. Bg5 cxd4 10. Nxd5 Qa5+ 11. Bd2 Qd8 12. Ndf4 Bc5 13. O-O O-O 14. Nxh5
Nxh5 15. Nc1 Nf6 16. Nd3 Bb6 17. Qf3 h6 18. h4 Ne8 19. Nf4 Nd6 20. Rae1 Nc4 21.
Bc1 N4e5 22. Qh5 Qd6 23. Nd5 Bc5 24. b4 g6 25. bxc5 Qxd5 26. Bxd5 gxh5 27. Bxh6
Rfd8 28. Bg2 Rac8 29. Bf4 Nc4 30. Bh3 Ra8 31. Rb1 N6a5 32. Rb5 a6 33. Rb4 Rd5
34. Rd1 Rxc5 35. Rxd4 b5 36. Rd3 Re8 37. Kf1 Re4 38. Rb1 Nc6 39. Bg2 Re6 40.
Bd5 Rf6 41. Bg2 N6e5 42. Rd8+ Kg7 43. Rbd1 Ng4 44. R1d5 Rf5 45. Rxf5 Rxf5 46.
Ke2 b4 47. Rd5 Kf6 48. Rxf5+ Kxf5 49. Bd5 Nge5 50. Bxe5 Nxe5 51. f4 Ng4 52.
Bxf7 Nf6 53. Kf3 1-0

[Event "Agen_2017-Accession"]
[Site "Agen"]
[Date "2017.08.27"]
[Round "9.17"]
[White "Meunier, Clement"]
[Black "Feryn, Benjamin"]
[Result "1-0"]
[WhiteElo "2269"]
[BlackElo "2153"]
[PlyCount "59"]
[EventDate "2017.08.??"]
[EventType "swiss"]
[EventRounds "9"]
[EventCountry "FRA"]
[WhiteTeam "Echiquier Orangeois"]
[BlackTeam "L'Echiquier Cappellois"]

1. e4 e5 2. Nf3 Nc6 3. Bc4 Bc5 4. b4 Bxb4 5. c3 Bd6 6. d4 Nf6 7. Nbd2 O-O 8.
O-O h6 9. Re1 Re8 10. Qc2 Bf8 11. Qb3 Qe7 12. Nxe5 Nxe5 13. dxe5 Ng4 14. Nf3 d6
15. exd6 cxd6 16. Ba3 Be6 17. Bxe6 fxe6 18. h3 Nf6 19. e5 Nd5 20. exd6 Qf7 21.
Nd4 Nf4 22. Re4 Kh8 23. d7 Red8 24. Rxf4 Qxf4 25. Nxe6 Qe4 26. Nxd8 Rxd8 27.
Bxf8 Rxf8 28. Rd1 Rd8 29. Qf7 Qe2 30. Rd4 1-0

[Event "Agen_2017-Accession"]
[Site "Agen"]
[Date "2017.08.27"]
[Round "9.18"]
[White "Viel, Simon"]
[Black "Devallee, Jeremie"]
[Result "0-1"]
[WhiteElo "2220"]
[BlackElo "2258"]
[PlyCount "66"]
[EventDate "2017.08.??"]
[EventType "swiss"]
[EventRounds "9"]
[EventCountry "FRA"]
[WhiteTeam "Echecs Plus de Cherbourg-Octeville"]
[BlackTeam "Chartres Metropole Echecs"]

1. e4 g6 2. d4 c6 3. Nc3 d5 4. e5 Nh6 5. g3 Nf5 6. Bg2 Na6 7. Nce2 Nc7 8. f4 h5
9. Nf3 b6 10. c3 Ba6 11. a4 e6 12. b4 Bc4 13. Kf2 a5 14. Ba3 Be7 15. Qc2 h4 16.
g4 h3 17. Bf1 Bh4+ 18. Nxh4 Qxh4+ 19. Ng3 Qxg4 20. Bc1 Bxf1 21. Rxf1 axb4 22.
cxb4 Nxd4 23. Qc3 Ncb5 24. axb5 Rxa1 25. Qxd4 Ra2+ 26. Kg1 cxb5 27. Qxb6 O-O
28. Be3 Rfa8 29. Qxb5 Rg2+ 30. Kh1 Raa2 31. Bg1 Rxg3 32. Qe8+ Kg7 33. Qd8 Rxg1+
0-1

[Event "Agen_2017-Accession"]
[Site "Agen"]
[Date "2017.08.27"]
[Round "9.19"]
[White "Lacroix, Romain"]
[Black "Roselle, Tristan"]
[Result "1-0"]
[WhiteElo "2255"]
[BlackElo "2134"]
[PlyCount "123"]
[EventDate "2017.08.??"]
[EventType "swiss"]
[EventRounds "9"]
[EventCountry "FRA"]
[WhiteTeam "C.E.I. Toulouse"]
[BlackTeam "AGJA-Echiquier Aquitaine"]

1. d4 d5 2. Bf4 Bf5 3. Nf3 Nf6 4. e3 e6 5. Be2 Be7 6. c4 dxc4 7. Nc3 Nbd7 8.
Bxc4 c6 9. O-O O-O 10. h3 h6 11. Re1 Nd5 12. Bg3 N7f6 13. Qb3 Nxc3 14. bxc3 Qb6
15. Ne5 Qxb3 16. axb3 Ne4 17. Rec1 Nxg3 18. fxg3 Bd6 19. g4 Be4 20. Nf3 c5 21.
Kf2 Rfd8 22. Be2 a6 23. Nd2 Bc6 24. Bf3 cxd4 25. cxd4 Bxf3 26. gxf3 Rac8 27.
Nc4 Kf8 28. Nxd6 Rxc1 29. Rxc1 Rxd6 30. Ke2 Rb6 31. Rc3 Ke7 32. e4 Kd7 33. h4
g6 34. Ke3 Rb4 35. Rd3 Ke7 36. Kf4 f6 37. Ke3 Rb5 38. Rc3 Kd7 39. f4 Rb4 40. h5
gxh5 41. gxh5 a5 42. e5 f5 43. Kd3 a4 44. bxa4 Rxa4 45. Rc2 Ra3+ 46. Kc4 Ra4+
47. Kc5 b6+ 48. Kxb6 Rxd4 49. Rc7+ Ke8 50. Kc5 Rxf4 51. Kd6 Rh4 52. Kxe6 Kd8
53. Rd7+ Kc8 54. Ke7 Rxh5 55. Rd4 f4 56. Rc4+ Kb7 57. Kf6 f3 58. e6 Rh1 59. Rf4
Kc7 60. e7 Kd7 61. Kf7 Re1 62. Rd4+ 1-0

[Event "Agen_2017-Accession"]
[Site "Agen"]
[Date "2017.08.27"]
[Round "9.21"]
[White "O'Sullivan, Thomas"]
[Black "Trouve, Guillaume"]
[Result "0-1"]
[WhiteElo "2238"]
[BlackElo "2214"]
[PlyCount "82"]
[EventDate "2017.08.??"]
[EventType "swiss"]
[EventRounds "9"]
[EventCountry "FRA"]
[WhiteTeam "Cercle d'Echecs de Villepinte"]
[BlackTeam "Mulhouse Philidor"]

1. d4 Nf6 2. c4 g6 3. f3 d5 4. cxd5 Nxd5 5. e4 Nb6 6. Nc3 Bg7 7. Be3 O-O 8. Qd2
e5 9. d5 c6 10. h4 cxd5 11. exd5 N8d7 12. h5 Nf6 13. hxg6 fxg6 14. O-O-O Bd7
15. Kb1 Rc8 16. Nh3 Nc4 17. Bxc4 Rxc4 18. Ng5 b5 19. g4 b4 20. Nce4 Nxe4 21.
fxe4 h6 22. Ne6 Bxe6 23. Bxh6 Rd4 24. Qh2 Rxd1+ 25. Rxd1 Bxg4 26. Bxg7 Kxg7 27.
Rh1 Bh5 28. Qxe5+ Qf6 29. Qc7+ Rf7 30. Qb8 Qd4 31. Ka1 Qxe4 32. Rc1 Qe3 33. Qc8
Qd4 34. Qb8 a5 35. d6 a4 36. Kb1 a3 37. bxa3 g5 38. Rc7 Bg6+ 39. Kc1 Qa1+ 40.
Kd2 Qxa2+ 41. Ke1 Qe6+ 0-1

[Event "Agen_2017-Accession"]
[Site "Agen"]
[Date "2017.08.27"]
[Round "9.22"]
[White "Guignier, Nicolas"]
[Black "Fantinel, Thibault"]
[Result "1/2-1/2"]
[WhiteElo "2212"]
[BlackElo "2413"]
[PlyCount "111"]
[EventDate "2017.08.??"]
[EventType "swiss"]
[EventRounds "9"]
[EventCountry "FRA"]
[WhiteTeam "Avinkha Club d'Echecs"]
[BlackTeam "Echiquier Agenais"]

1. e4 c5 2. Nf3 Nc6 3. h3 e6 4. Bb5 Nge7 5. O-O a6 6. Be2 Ng6 7. c3 d5 8. exd5
Qxd5 9. d4 cxd4 10. cxd4 Bb4 11. Nc3 Qa5 12. d5 Bxc3 13. dxc6 Bf6 14. Qc2 O-O
15. c7 Bd7 16. Bd2 Qd5 17. Rfd1 Rfc8 18. Bb4 Qc6 19. Qd2 Be8 20. Rac1 Qb6 21.
Ba5 Qxb2 22. Qxb2 Bxb2 23. Rb1 Bf6 24. Rxb7 Nf4 25. Bxa6 Rxa6 26. Rb8 Ra8 27.
Rxa8 Rxa8 28. Rd8 Bxd8 29. cxd8=Q Rxd8 30. Bxd8 Bc6 31. Bg5 Nxh3+ 32. gxh3 Bxf3
33. a4 f6 34. Be3 e5 35. a5 Bb7 36. f4 exf4 37. Bxf4 g5 38. Bd2 Kf7 39. h4 gxh4
40. Be1 h3 41. Kh2 Bg2 42. a6 Kg6 43. Bg3 Kg5 44. Kg1 Kg4 45. Kf2 h5 46. Bh2
Bd5 47. a7 f5 48. Ke3 h4 49. Ke2 Bc6 50. Ke3 Bb7 51. Ke2 f4 52. Kf2 Bc6 53. Ke2
Bb5+ 54. Kf2 Bc6 55. Ke2 Bb5+ 56. Kf2 1/2-1/2

[Event "Agen_2017-Accession"]
[Site "Agen"]
[Date "2017.08.27"]
[Round "9.23"]
[White "Touzane, Olivier"]
[Black "Le Ruyet, Leopold"]
[Result "1-0"]
[WhiteElo "2264"]
[BlackElo "2317"]
[PlyCount "67"]
[EventDate "2017.08.??"]
[EventType "swiss"]
[EventRounds "9"]
[EventCountry "FRA"]
[WhiteTeam "Echecs Club Montpellier"]
[BlackTeam "Echiquier de l'Erdre"]

1. d4 g6 2. e4 Bg7 3. Nf3 d6 4. Bc4 Nf6 5. Qe2 O-O 6. h3 Nc6 7. O-O d5 8. exd5
Nxd5 9. c3 Qd6 10. Rd1 Nf4 11. Qf1 Qf6 12. Nbd2 Bf5 13. b4 Bc2 14. Re1 Qf5 15.
g4 Qd7 16. Nb3 Bxb3 17. Bxb3 Nd5 18. Bd2 e6 19. a3 Qd6 20. b5 Nce7 21. c4 Nf6
22. Bb4 Qd8 23. d5 Nd7 24. dxe6 fxe6 25. Ng5 Ne5 26. Nxe6 Nf3+ 27. Kh1 Qb8 28.
Nxg7 c5 29. Qg2 Nxe1 30. Rxe1 cxb4 31. Rxe7 bxa3 32. Qd5+ Kh8 33. Ne6 Rf4 34.
Rxh7+ 1-0

[Event "Agen_2017-Accession"]
[Site "Agen"]
[Date "2017.08.27"]
[Round "9.24"]
[White "Le Goff, Ronan"]
[Black "Giacomini, Hector"]
[Result "1-0"]
[WhiteElo "2280"]
[BlackElo "2226"]
[PlyCount "61"]
[EventDate "2017.08.??"]
[EventType "swiss"]
[EventRounds "9"]
[EventCountry "FRA"]
[WhiteTeam "Echiquier de l'Erdre"]
[BlackTeam "Echiquier Tourangeau"]

1. d4 d5 2. Nf3 Nf6 3. c4 e6 4. g3 c6 5. Bg2 Nbd7 6. Nbd2 Bd6 7. O-O O-O 8. Qc2
Re8 9. e4 Nxe4 10. Nxe4 dxe4 11. Qxe4 e5 12. Bg5 f6 13. Bd2 exd4 14. Qxd4 Ne5
15. Bc3 Be6 16. Rad1 Nxf3+ 17. Bxf3 Bf8 18. Qh4 Qc7 19. b3 Qf7 20. Rfe1 Rad8
21. Bh5 g6 22. Rxd8 Rxd8 23. Bxg6 Qxg6 24. Rxe6 Bg7 25. Kg2 Kf7 26. Re3 Rd7 27.
Rf3 Re7 28. Qf4 Re4 29. Qb8 Re7 30. Bb4 Rd7 31. Re3 1-0

[Event "Agen_2017-Accession"]
[Site "Agen"]
[Date "2017.08.27"]
[Round "9.25"]
[White "Girardon, Jerome"]
[Black "Lever, Erwan"]
[Result "0-1"]
[WhiteElo "2160"]
[BlackElo "2134"]
[PlyCount "152"]
[EventDate "2017.08.??"]
[EventType "swiss"]
[EventRounds "9"]
[EventCountry "FRA"]
[WhiteTeam "Gueugnon Echecs"]
[BlackTeam "C.E.I. Toulouse"]

1. e4 c5 2. Nf3 d6 3. c3 Nf6 4. h3 g6 5. Bd3 Bg7 6. Bc2 O-O 7. d4 Nc6 8. d5 Nb8
9. Bf4 Qb6 10. b3 Ne8 11. O-O e6 12. a4 exd5 13. exd5 h6 14. Na3 Qd8 15. Nc4 b6
16. Re1 Ba6 17. Rxe8 Rxe8 18. Nxd6 Re7 19. c4 Nd7 20. Ne4 f5 21. Ng3 Ne5 22. d6
Nxf3+ 23. Qxf3 Rf7 24. Re1 Bb7 25. Qe3 Qd7 26. h4 Qc6 27. Qf3 Qxf3 28. gxf3 Bc6
29. Re6 Bf6 30. h5 Bd7 31. Re1 g5 32. Bc1 Bd4 33. f4 g4 34. Kf1 Kg7 35. Ne2 Bf6
36. Rd1 Re8 37. Rd5 Be6 38. Ng3 Bxd5 39. Nxf5+ Kf8 40. cxd5 Bc3 41. Be3 Rf6 42.
Kg2 Rd8 43. Be4 Ke8 44. Kg3 Kd7 45. Nh4 Kxd6 46. Kxg4 Re8 47. f3 a6 48. Ng6 b5
49. f5 bxa4 50. bxa4 c4 51. Bxh6 Rf7 52. Be3 Bf6 53. h6 c3 54. Kg3 Rh7 55. Kf2
Rc8 56. Ke2 Rc4 57. Kd3 Rxa4 58. Bf4+ Kc5 59. Nf8 Rf7 60. Ne6+ Kb4 61. d6 Ra1
62. Bc6 Kb3 63. d7 c2 64. Bd5+ Kb2 65. d8=Q Bxd8 66. Nxd8 Rd7 67. Ke2 Rxd5 68.
Nf7 Rh1 69. f6 Rh2+ 70. Bxh2 c1=Q 71. Be5+ Kb3 72. f4 Qh1 73. Ke3 Qh3+ 74. Ke2
Qg2+ 75. Ke3 Qh3+ 76. Ke2 Qh5+ 0-1